Prix IgNobel - Statistiques

Statistiques générales
  • Ce quiz a été pris 8 fois
  • Le résultat moyen est 5 sur 12
Answers on the Grid
Answers color-coded by a green-red scale on the quiz's grid according to % correct below.
Un tirage à pile ou face est truqué en faveur du côté initial
Le succès dépend davantage de la chance que du talent
Analyse génétique des bactéries dans les chewing-gums jetés par terre
Étude des vocalises d'un alligator sous hélium
Étude des cris et injures lors de la conduite automobile
Les fœtus entendent mieux la musique diffusée par le vagin de la mère
Le mot "euh" existe dans toutes les langues
Étude des frottements quand on marche sur une peau de banane
Certains pourraient courir sur la surface d'un étang sur la Lune
Minimisation du risque d'explosion du patient lors d'une coloscopie
Projet d'alarme incendie pour les sourds, à base de wasabi
Invention d'un soutien-gorge convertible en masque à gaz
Étude de l'homéopathie lorsque l'eau est remplacée par de l'éthanol
Les orangs-outans sont plus doués en jonglage que les chimpanzés
Travailler dans les trains augmente le risque d'avoir des enfants autistes
Les rois avec le règne le plus long étaient majoritairement Verseau
On peut se prémunir de la COVID en buvant du gel hydroalcoolique
Croiser un ours est en moyenne plus dangereux que croiser un homme
Influence de la couleur des vêtements sur la réussite d'un entretien d'embauche
La distance Lune-Uranus influence-t-elle la production nucléaire du Japon ?
Étude des stratégies utilisées par les corbeaux au morpion
Étude du comportement sexuel des moineaux en présence de moutarde
Étude des mésusages de l'alphabet grec par les non-hellénistes
Étude statistique des meilleures phrases d'accroche sur les applications de rencontre
 
Statistiques - réponses
Réponse % Correct
Écologie 2021 Analyse génétique des bactéries dans les chewing-gums jetés par terre
50%
Paix 2018 Étude des cris et injures lors de la conduite automobile
50%
Santé 2009 Invention d'un soutien-gorge convertible en masque à gaz
50%
Obstétrique 2017 Les fœtus entendent mieux la musique diffusée par le vagin de la mère
50%
Médecine 2012 Minimisation du risque d'explosion du patient lors d'une coloscopie
50%
Acoustique 2020 Étude des vocalises d'un alligator sous hélium
33%
Littérature 2015 Le mot "euh" existe dans toutes les langues
33%
Économie 2022 Le succès dépend davantage de la chance que du talent
33%
Chimie 2011 Projet d'alarme incendie pour les sourds, à base de wasabi
33%
Probabilité 2024 Un tirage à pile ou face est truqué en faveur du côté initial
33%
Physique 2013 Certains pourraient courir sur la surface d'un étang sur la Lune
17%
Physique 2014 Étude des frottements quand on marche sur une peau de banane
17%
Aucun quiz correspondant
Distribution des résultats
% des personnes avec chaque résultat
Percentile par nombre de réponses
Votre historique - résultats
Vous n’avez pas pris ce quiz